[Event "Olimpiada Calviá 2004"]
[Site "Calviá ESP"]
[Date "2004.10.20"]
[Round "6.27"]
[White "Gunnarsson, Arnar"]
[Black "Gnusarev, Petr"]
[Result "1/2-1/2"]
[WhiteElo "2437"]
[BlackElo "2357"]
[PlyCount "62"]
[EventDate "2004.10.15"]
[EventType "team"]
[EventRounds "14"]
[EventCountry "ESP"]
[Source "lmi"]
[SourceDate "2004.10.27"]

1. c4 Nf6 2. Nc3 c5 3. g3 e6 4. Bg2 d5 5. Nf3 d4 6. Na4 Nc6 7. O-O Be7 8. Ne1
Qc7 9. Nd3 b6 10. a3 Bb7 11. b4 Nd8 12. bxc5 bxc5 13. e3 O-O 14. Re1 Bxg2 15.
Kxg2 Rb8 16. f3 e5 17. e4 Ne6 18. Qc2 Nd7 19. Nf2 Qb7 20. d3 Qb3 21. Re2 Qb7
22. Qd1 Qc6 23. Rb2 Rxb2 24. Nxb2 Rb8 25. Qa4 Qc8 26. Ra2 Nb6 27. Qxa7 Bd8 28.
Na4 Nd7 29. Rb2 Ra8 30. Qb7 Qxb7 31. Rxb7 Nef8 1/2-1/2

[Event "Olimpiada Calviá 2004"]
[Site "Calviá ESP"]
[Date "2004.10.20"]
[Round "6.27"]
[White "Temirbaev, Serik"]
[Black "Kristjansson, Stefan"]
[Result "1/2-1/2"]
[WhiteElo "2468"]
[BlackElo "2444"]
[PlyCount "189"]
[EventDate "2004.10.15"]
[EventType "team"]
[EventRounds "14"]
[EventCountry "ESP"]
[Source "lmi"]
[SourceDate "2004.10.27"]

1. d4 Nf6 2. c4 g6 3. Nc3 d5 4. Nf3 Bg7 5. Bg5 Ne4 6. cxd5 Nxg5 7. Nxg5 e6 8.
Nf3 exd5 9. e3 O-O 10. Be2 c6 11. O-O Qe7 12. Ne1 Nd7 13. Nd3 Nf6 14. b4 Ne4
15. Rc1 Re8 16. Nxe4 dxe4 17. Nc5 b6 18. Na6 Bb7 19. b5 Bxa6 20. bxa6 Rac8 21.
Qa4 Qd6 22. Rc3 Re7 23. Rfc1 Rec7 24. g3 Bf8 25. Qc2 f5 26. a4 Kg7 27. a5 bxa5
28. Rc5 Qd8 29. Rxa5 c5 30. dxc5 Bxc5 31. Qb2+ Qf6 32. Qxf6+ Kxf6 33. Rd1 Rb8
34. Ra2 Ke7 35. g4 Rd8 36. Rb1 Bb6 37. h3 Rdc8 38. Rb5 Rc2 39. Rbb2 Rxb2 40.
Rxb2 Rc5 41. Kg2 Rc1 42. Rd2 Rc6 43. Bb5 Rd6 44. Rc2 Rd5 45. Be2 Rc5 46. Rd2
Rc6 47. g5 Rd6 48. Rc2 Rd8 49. h4 Kd6 50. Bb5 Ke5 51. Be2 f4 52. exf4+ Kxf4 53.
Rc6 Rd5 54. Re6 Re5 55. Rd6 Rf5 56. Rd7 Ke5 57. f3 Rf8 58. Re7+ Kd6 59. Rxe4
Rf7 60. Bd3 Re7 61. Rf4 Ke5 62. Rf6 Be3 63. Rf8 Rc7 64. Re8+ Kd4 65. Be2 Bd2
66. Kf2 Ba5 67. Kg3 Rc2 68. Kg4 Bc7 69. Re7 Bd6 70. Re4+ Kd5 71. Kh3 Be5 72.
Kg2 Rb2 73. Kf2 Bd4+ 74. Kf1 Rb1+ 75. Kg2 Rb2 76. Re7 Be5 77. Kf2 Bd4+ 78. Ke1
Rb1+ 79. Kd2 Rb2+ 80. Kc1 Kd6 81. Re4 Rb4 82. Kc2 Kd5 83. Re7 Rb2+ 84. Kc1 Kd6
85. Re8 Rb4 86. Kc2 Bf2 87. h5 gxh5 88. Rh8 Rb2+ 89. Kd3 Rb3+ 90. Kc4 Re3 91.
Bd3 Rxf3 92. Rxh7 h4 93. g6 Rf4+ 94. Kb3 Rg4 95. Bf5 1/2-1/2

[Event "Olimpiada Calviá 2004"]
[Site "Calviá ESP"]
[Date "2004.10.20"]
[Round "6.28"]
[White "Cueto, Johnny"]
[Black "Wong, Meng-Kong"]
[Result "0-1"]
[WhiteElo "2306"]
[BlackElo "2470"]
[PlyCount "102"]
[EventDate "2004.10.15"]
[EventType "team"]
[EventRounds "14"]
[EventCountry "ESP"]
[Source "lmi"]
[SourceDate "2004.10.27"]

1. e4 d5 2. e5 c5 3. b4 cxb4 4. d4 Bf5 5. a3 Qc7 6. Bd3 Bxd3 7. Qxd3 e6 8. axb4
Bxb4+ 9. c3 Be7 10. Qg3 g6 11. Ne2 Nd7 12. O-O Nb6 13. Na3 Qc6 14. Qd3 a6 15.
Nc2 Nc4 16. g4 O-O-O 17. Qh3 h5 18. Ng3 Nh6 19. gxh5 Rh7 20. hxg6 fxg6 21. Ne1
Rdh8 22. Nf3 Nf5 23. Qg4 Qe8 24. Rd1 Qf7 25. Nf1 Nh4 26. Nxh4 Rxh4 27. Qe2 g5
28. Rd3 g4 29. Rg3 Qf5 30. Ra2 Kd7 31. Rg2 Rh3 32. Rc2 Rf3 33. Ng3 Qh7 34. Nf1
Bh4 35. Be3 Qe4 36. Rc1 Rhf8 37. Nd2 Nxd2 38. Qxd2 b5 39. Ra1 Ra8 40. Qc1 Qf5
41. Ra2 a5 42. Ra1 a4 43. Qa3 Be7 44. Qb2 Kc6 45. Rd1 a3 46. Qa1 Qe4 47. Rd2
Rxe3 48. fxe3 Bg5 49. Ra2 Bxe3+ 50. Kh1 Qf3 51. Qb1 Rh8 0-1

[Event "Olimpiada Calviá 2004"]
[Site "Calviá ESP"]
[Date "2004.10.20"]
[Round "6.28"]
[White "Goh Koon-Jong, Jason"]
[Black "Ferrufino, Boris"]
[Result "1-0"]
[WhiteElo "2419"]
[BlackElo "2231"]
[PlyCount "97"]
[EventDate "2004.10.15"]
[EventType "team"]
[EventRounds "14"]
[EventCountry "ESP"]
[Source "lmi"]
[SourceDate "2004.10.27"]

1. d4 Nf6 2. c4 e6 3. Nc3 Bb4 4. e3 O-O 5. Nge2 d5 6. a3 Be7 7. Ng3 Nbd7 8. Qc2
Re8 9. cxd5 exd5 10. Bd3 c5 11. O-O b6 12. Rd1 Bb7 13. Bd2 Rc8 14. Rac1 Bd6 15.
Qa4 Bb8 16. Nf1 c4 17. Bf5 a6 18. Qc2 b5 19. g3 Qb6 20. b4 Rc7 21. f3 Nf8 22.
Bh3 Rce7 23. Be1 Bc6 24. Bf2 Qb7 25. Bg2 Bd6 26. Kh1 a5 27. Rb1 axb4 28. axb4
N8d7 29. Nd2 Rxe3 30. Bxe3 Rxe3 31. Nf1 Re8 32. Qd2 Nb8 33. Ne3 Na6 34. Nc2 Qe7
35. Re1 Qf8 36. Nd1 Rxe1+ 37. Qxe1 Bd7 38. Nde3 Qe7 39. Qc3 g6 40. Qa3 Bc8 41.
Qa5 Qe8 42. Qb6 Qd7 43. Ra1 Nc7 44. f4 Qe7 45. Re1 Qd7 46. Qa5 Kg7 47. Nd1 Ng4
48. Nce3 Qe7 49. Nf5+ 1-0

[Event "Olimpiada Calviá 2004"]
[Site "Calviá ESP"]
[Date "2004.10.20"]
[Round "6.28"]
[White "Saavedra, Carlos"]
[Black "Chan, Peng-Kong"]
[Result "1/2-1/2"]
[WhiteElo "2319"]
[BlackElo "2339"]
[PlyCount "48"]
[EventDate "2004.10.15"]
[EventType "team"]
[EventRounds "14"]
[EventCountry "ESP"]
[Source "lmi"]
[SourceDate "2004.10.27"]

1. e4 c5 2. Nf3 d6 3. d4 cxd4 4. Nxd4 Nf6 5. Nc3 a6 6. Bg5 e6 7. f4 Be7 8. Qf3
Qc7 9. O-O-O Nbd7 10. Bd3 b5 11. Rhe1 Bb7 12. Qg3 b4 13. Nd5 exd5 14. e5 dxe5
15. fxe5 Nh5 16. Qh4 Bxg5+ 17. Qxg5 g6 18. e6 Nc5 19. exf7+ Kxf7 20. Rf1+ Kg8
21. Nf5 Ne6 22. Nh6+ Kg7 23. Nf5+ Kg8 24. Nh6+ Kg7 1/2-1/2

[Event "Olimpiada Calviá 2004"]
[Site "Calviá ESP"]
[Date "2004.10.20"]
[Round "6.29"]
[White "Johannessen, Lelf Erlend"]
[Black "Cekro, Ekrem"]
[Result "1-0"]
[WhiteElo "2306"]
[BlackElo "2470"]
[PlyCount "81"]
[EventDate "2004.10.15"]
[EventType "team"]
[EventRounds "14"]
[EventCountry "ESP"]
[Source "lmi"]
[SourceDate "2004.10.27"]

1. d4 Nf6 2. c4 b6 3. Nc3 Bb7 4. f3 d6 5. e4 Nbd7 6. Be3 e5 7. d5 Be7 8. Bd3
O-O 9. Nge2 Ne8 10. O-O Bg5 11. Bf2 g6 12. b4 a5 13. a3 Ng7 14. Qc2 f5 15. Kh1
fxe4 16. Nxe4 Bh4 17. Bg1 Nf6 18. Nxf6+ Bxf6 19. Be4 Rf7 20. Qd3 Ne8 21. Rae1
Bg7 22. f4 Nf6 23. fxe5 dxe5 24. Ng3 Nxe4 25. Nxe4 Rxf1 26. Rxf1 axb4 27. axb4
b5 28. Rd1 bxc4 29. Qxc4 Kh8 30. h3 h6 31. b5 Kh7 32. Qb3 Qe7 33. d6 cxd6 34.
Nxd6 Bc8 35. Qd5 Rb8 36. Nxc8 Rxc8 37. Qe4 Qf7 38. b6 Rc4 39. Qb1 Qb7 40. Rc1
Rh4 41. Rc7 1-0

[Event "Olimpiada Calviá 2004"]
[Site "Calviá ESP"]
[Date "2004.10.20"]
[Round "6.29"]
[White "Abolianin, Arthur"]
[Black "Lie, Kjetil A"]
[Result "1-0"]
[WhiteElo "2412"]
[BlackElo "2474"]
[PlyCount "85"]
[EventDate "2004.10.15"]
[EventType "team"]
[EventRounds "14"]
[EventCountry "ESP"]
[Source "lmi"]
[SourceDate "2004.10.27"]

1. d4 Nf6 2. c4 c5 3. Nf3 cxd4 4. Nxd4 e5 5. Nb5 d5 6. cxd5 Bc5 7. N5c3 O-O 8.
Qb3 e4 9. g3 Qe7 10. Bg2 Bf5 11. Nd1 Nbd7 12. Nbc3 a6 13. O-O b5 14. Bf4 Bg6
15. Ne3 Nb6 16. Rfd1 Rad8 17. a4 b4 18. a5 bxc3 19. axb6 cxb2 20. Qxb2 Bxe3 21.
fxe3 Qb7 22. Be5 Rxd5 23. Rxd5 Nxd5 24. Bxg7 Rc8 25. Bh8 f6 26. Bxf6 Nxe3 27.
Bh3 Rc6 28. Bd8 Nc4 29. Qd4 Bf7 30. Qxe4 Nxb6 31. Rf1 Nd5 32. Bf5 h5 33. Bg5
Nc3 34. Bh7+ Kg7 35. Bf6+ Kh6 36. Qe3+ Kxh7 37. Bxc3 Bg6 38. Rf8 Qb1+ 39. Kf2
Rxc3 40. Qxc3 Qb6+ 41. e3 Kh6 42. h4 Qd6 43. Qh8+ 1-0

[Event "Olimpiada Calviá 2004"]
[Site "Calviá ESP"]
[Date "2004.10.20"]
[Round "6.29"]
[White "Elsness, Frode"]
[Black "Laurent, Bruno"]
[Result "1/2-1/2"]
[WhiteElo "2425"]
[BlackElo "2335"]
[PlyCount "63"]
[EventDate "2004.10.15"]
[EventType "team"]
[EventRounds "14"]
[EventCountry "ESP"]
[Source "lmi"]
[SourceDate "2004.10.27"]

1. d4 d5 2. c4 dxc4 3. Nf3 Nf6 4. e3 c5 5. Bxc4 e6 6. O-O Nc6 7. Qe2 cxd4 8.
Rd1 Be7 9. Nxd4 Nxd4 10. exd4 O-O 11. Nc3 Qc7 12. Bg5 a6 13. Rac1 Qa5 14. Bf4
b5 15. Bb3 b4 16. Ne4 Bb7 17. Nc5 Bd5 18. Be5 Rfd8 19. Rc2 Qb5 20. Qe1 Bxb3 21.
axb3 Rac8 22. Rdc1 Rc6 23. Bxf6 Bxf6 24. Rc4 Rdc8 25. Rxb4 Qa5 26. Ra1 Qd8 27.
Rd1 Qd5 28. Rc4 h6 29. g3 Rd8 30. Qe2 e5 31. Ne4 exd4 32. Qd3 1/2-1/2

[Event "Olimpiada Calviá 2004"]
[Site "Calviá ESP"]
[Date "2004.10.20"]
[Round "6.30"]
[White "Rogers, Ian"]
[Black "Khamdamov, Suhrob"]
[Result "1-0"]
[WhiteElo "2593"]
[BlackElo "2150"]
[PlyCount "49"]
[EventDate "2004.10.15"]
[EventType "team"]
[EventRounds "14"]
[EventCountry "ESP"]
[Source "lmi"]
[SourceDate "2004.10.27"]

1. e4 g6 2. d4 Bg7 3. Nc3 d6 4. Nf3 a6 5. Be2 b5 6. O-O Bb7 7. Re1 b4 8. Nd5 e6
9. Nxb4 a5 10. Nd3 Bxe4 11. Ng5 Bc6 12. Bg4 Nh6 13. Bxe6 O-O 14. Bh3 Qf6 15. c3
Nd7 16. d5 Bb5 17. c4 Bxc4 18. Bxd7 Bxd5 19. Nf4 Bb7 20. Ne4 Qd8 21. Nd5 c6 22.
Bg5 f6 23. Ndxf6+ Kh8 24. Ng4 Qxd7 25. Nxh6 1-0

[Event "Olimpiada Calviá 2004"]
[Site "Calviá ESP"]
[Date "2004.10.20"]
[Round "6.30"]
[White "Isaev, Jamshed"]
[Black "Johansen, Darryl K"]
[Result "1/2-1/2"]
[WhiteElo "2424"]
[BlackElo "2483"]
[PlyCount "123"]
[EventDate "2004.10.15"]
[EventType "team"]
[EventRounds "14"]
[EventCountry "ESP"]
[Source "lmi"]
[SourceDate "2004.10.27"]

1. e4 e6 2. d4 d5 3. Nc3 Bb4 4. e5 b6 5. Qg4 Bf8 6. Nf3 Qd7 7. Bd2 Ne7 8. a4 a5
9. h4 h5 10. Qf4 Ng6 11. Qg3 Ba6 12. Nb5 c6 13. Nd6+ Bxd6 14. exd6 Bxf1 15.
Kxf1 c5 16. Bc3 c4 17. Rh3 Nc6 18. Rb1 O-O 19. Bd2 Rad8 20. b3 Qxd6 21. Qg5 e5
22. Qxh5 Nf4 23. dxe5 Qg6 24. Qxg6 Nxg6 25. bxc4 Ncxe5 26. Rxb6 Nxc4 27. Rb5
Rfe8 28. h5 Nxd2+ 29. Nxd2 Nf4 30. Rh4 Re2 31. Nf3 Re4 32. Rxa5 Rc8 33. g3 Ne6
34. Rxe4 dxe4 35. Ne1 Nd4 36. Re5 f5 37. g4 fxg4 38. Rxe4 Nf3 39. Re2 Rc4 40.
Kg2 Nh4+ 41. Kg3 Nf5+ 42. Kh2 Rxa4 43. Re5 Nd6 44. Nd3 Rc4 45. Rc5 Rd4 46. Rc6
Ne4 47. Rg6 Nf6 48. h6 Kh7 49. Ne5 Rd5 50. hxg7 Rxe5 51. Rxf6 Rc5 52. Rg6 Kg8
53. Rxg4 Rxc2 54. Kg3 Rc7 55. Rg5 Rc4 56. f4 Rc7 57. Kg4 Rf7 58. Rg6 Ra7 59.
Kh5 Ra5+ 60. Kh6 Rf5 61. Rg4 Rxf4 62. Rxf4 1/2-1/2

[Event "Olimpiada Calviá 2004"]
[Site "Calviá ESP"]
[Date "2004.10.20"]
[Round "6.30"]
[White "Lane, Gary W"]
[Black "Khouseinov, Rashid"]
[Result "0-1"]
[WhiteElo "2442"]
[BlackElo "2343"]
[PlyCount "126"]
[EventDate "2004.10.15"]
[EventType "team"]
[EventRounds "14"]
[EventCountry "ESP"]
[Source "lmi"]
[SourceDate "2004.10.27"]

1. e4 e5 2. Nf3 Qe7 3. Bc4 c6 4. O-O d6 5. d4 g6 6. a4 Nh6 7. h3 f6 8. Nc3 Nf7
9. b3 Qc7 10. a5 Nd7 11. Qd3 b5 12. axb6 Nxb6 13. Rd1 Be7 14. b4 Nxc4 15. Qxc4
Qb7 16. b5 Bd7 17. bxc6 Qxc6 18. Qd3 a5 19. Nd5 Bd8 20. Ba3 O-O 21. c4 Re8 22.
Rac1 Qa6 23. dxe5 fxe5 24. Nh2 Ba4 25. Rf1 Rb8 26. Ng4 Kg7 27. f4 Rb3 28. Rc3
Qa7+ 29. Kh1 Rxc3 30. Qxc3 Qd4 31. fxe5 Qxc3 32. Nxc3 Bb3 33. exd6 Bxc4 34. Rb1
h5 35. Ne3 Bd3 36. Rb8 Bxe4 37. d7 Re6 38. Nxe4 Rxe4 39. Bc5 Bg5 40. Re8 Ra4
41. Bb6 h4 42. Kg1 Ra2 43. d8=Q Nxd8 44. Bxd8 Kf7 45. Re4 Bxd8 46. Nc4 Be7 47.
Kf1 g5 48. Ne5+ Kg7 49. Nd3 Bf8 50. Re5 Kf6 51. Rb5 a4 52. Nf2 Be7 53. Ne4+ Kg6
54. Re5 Bf6 55. Ra5 Be7 56. Re5 Bb4 57. Rxg5+ Kh6 58. Rg4 a3 59. Nf6 Bc3 60.
Nd5 Ra1+ 61. Kf2 Be1+ 62. Ke2 a2 63. Ne7 Bc3 0-1

[Event "Olimpiada Calviá 2004"]
[Site "Calviá ESP"]
[Date "2004.10.20"]
[Round "6.30"]
[White "Ziyaev, Negmat"]
[Black "Smerdon, David"]
[Result "0-1"]
[WhiteElo "2295"]
[BlackElo "2425"]
[PlyCount "52"]
[EventDate "2004.10.15"]
[EventType "team"]
[EventRounds "14"]
[EventCountry "ESP"]
[Source "lmi"]
[SourceDate "2004.10.27"]

1. d4 Nf6 2. Nf3 c5 3. d5 e6 4. Nc3 b5 5. dxe6 fxe6 6. Bg5 b4 7. Ne4 d5 8.
Nxf6+ gxf6 9. Bh4 Be7 10. e4 dxe4 11. Nd2 Qd5 12. Bc4 Qf5 13. Qe2 Nc6 14. Bb5
Bb7 15. Nxe4 O-O-O 16. c3 Rhg8 17. Bg3 Ne5 18. Ba6 c4 19. Bxb7+ Kxb7 20. O-O
Nd3 21. cxb4 h5 22. Nc5+ Bxc5 23. bxc5 h4 24. Bxh4 Rxg2+ 25. Kh1 Qd5 26. Qe3
Rxf2+ 0-1

[Event "Olimpiada Calviá 2004"]
[Site "Calviá ESP"]
[Date "2004.10.20"]
[Round "6.31"]
[White "Bakalarz, Mieczyslaw"]
[Black "Gunawan, Ruben"]
[Result "0-1"]
[WhiteElo "2389"]
[BlackElo "2467"]
[PlyCount "130"]
[EventDate "2004.10.15"]
[EventType "team"]
[EventRounds "14"]
[EventCountry "ESP"]
[Source "lmi"]
[SourceDate "2004.10.27"]

1. e4 c5 2. Nf3 e6 3. d4 cxd4 4. Nxd4 a6 5. Nc3 Qc7 6. Bd3 Nc6 7. Nxc6 bxc6 8.
O-O Nf6 9. Qe2 d5 10. Bg5 Bb7 11. a3 Bd6 12. Kh1 Bf4 13. Bxf4 Qxf4 14. g3 Qc7
15. Kg1 O-O 16. Rfe1 c5 17. e5 Nd7 18. Qh5 f5 19. exf6 Nxf6 20. Qe5 Qxe5 21.
Rxe5 Rae8 22. Rae1 Kf7 23. Na4 c4 24. Bf1 Nd7 25. Rh5 Bc6 26. Nc3 Kg6 27. Rh4
e5 28. Rg4+ Kf7 29. b3 Nf6 30. Rg5 cxb3 31. cxb3 e4 32. Bxa6 h6 33. Rf5 g6 34.
Rf4 g5 35. Rf5 Kg6 36. g4 Nxg4 37. Rxf8 Rxf8 38. Re2 Rf3 39. Rc2 d4 40. Ne2 Bd5
41. Nxd4 Rf6 42. Bc4 Bxc4 43. bxc4 Rd6 44. Rd2 Ne5 45. Kf1 Nxc4 46. Rd1 Nxa3
47. Ra1 Nc4 48. Ne2 h5 49. Ra4 Nd2+ 50. Kg2 h4 51. h3 Re6 52. Rd4 Nf3 53. Ra4
Ne1+ 54. Kf1 Nd3 55. Nc3 e3 56. fxe3 Rxe3 57. Ra6+ Kh5 58. Nd5 Rxh3 59. Kg2
Rg3+ 60. Kh2 Kg4 61. Ra4+ Kf5 62. Ne7+ Kf6 63. Nd5+ Ke6 64. Nc3 Ne5 65. Ne4
Nf3+ 0-1

[Event "Olimpiada Calviá 2004"]
[Site "Calviá ESP"]
[Date "2004.10.20"]
[Round "6.31"]
[White "Purnama, Tirta Chandra"]
[Black "Weber, Jean-Marie"]
[Result "1-0"]
[WhiteElo "2286"]
[BlackElo "2232"]
[PlyCount "77"]
[EventDate "2004.10.15"]
[EventType "team"]
[EventRounds "14"]
[EventCountry "ESP"]
[Source "lmi"]
[SourceDate "2004.10.27"]

1. d4 Nf6 2. c4 c5 3. d5 b5 4. cxb5 a6 5. bxa6 g6 6. Nc3 Bxa6 7. Nf3 d6 8. g3
Bg7 9. Bg2 Nbd7 10. O-O O-O 11. Rb1 Qa5 12. Qc2 Rfb8 13. b3 Ne8 14. Bb2 c4 15.
Na4 Bxb2 16. Rxb2 Bb5 17. Nc3 cxb3 18. axb3 Rc8 19. Rc1 Qb4 20. Qd2 Nb8 21.
Rbc2 Bd7 22. Qh6 f6 23. Bh3 Rc5 24. Bxd7 Nxd7 25. Qe3 e5 26. dxe6 Ne5 27. Na2
Nxf3+ 28. exf3 Qb7 29. Rxc5 dxc5 30. Nc3 Qxb3 31. Rd1 Ra7 32. Rd8 Re7 33. Nd5
Qxe3 34. Nxe7+ Kf8 35. Nxg6+ hxg6 36. fxe3 Ke7 37. Rc8 Nd6 38. Rxc5 Kxe6 39. e4
1-0

[Event "Olimpiada Calviá 2004"]
[Site "Calviá ESP"]
[Date "2004.10.20"]
[Round "6.32"]
[White "Kobese, Watu"]
[Black "Erdogdu, Mert"]
[Result "1-0"]
[WhiteElo "2408"]
[BlackElo "2393"]
[PlyCount "103"]
[EventDate "2004.10.15"]
[EventType "team"]
[EventRounds "14"]
[EventCountry "ESP"]
[Source "lmi"]
[SourceDate "2004.10.27"]

1. e4 e5 2. Nf3 Nc6 3. Bb5 a6 4. Ba4 Nf6 5. O-O Be7 6. Re1 b5 7. Bb3 O-O 8. c3
d6 9. h3 Na5 10. Bc2 c5 11. d4 Qc7 12. Nbd2 cxd4 13. cxd4 Nc6 14. Nb3 a5 15.
Be3 a4 16. Nbd2 Bd7 17. Rc1 Qb7 18. Qe2 Rfe8 19. Bb1 Rac8 20. a3 exd4 21. Nxd4
Ne5 22. g4 h6 23. f4 Ng6 24. g5 hxg5 25. fxg5 Nh7 26. Qh5 Rxc1 27. Rxc1 Bd8 28.
Ba2 Nhf8 29. Bd5 Qa7 30. Rf1 Ne6 31. Rxf7 Kxf7 32. Qf3+ Kg8 33. Nxe6 Bb6 34.
Nd4+ Be6 35. Nxe6 Bxe3+ 36. Kh1 Ne7 37. Nxg7+ Nxd5 38. Nxe8 Nf4 39. Nf6+ Kg7
40. Nf1 Bc1 41. Ne8+ Kg6 42. Nxd6 Qd4 43. Nxb5 Qxb2 44. Nc3 Qxa3 45. e5 Qb3 46.
h4 Qc4 47. Ng3 a3 48. h5+ Kf7 49. g6+ Ke7 50. Qb7+ Kd8 51. g7 Ke8 52. Qa8+ 1-0

[Event "Olimpiada Calviá 2004"]
[Site "Calviá ESP"]
[Date "2004.10.20"]
[Round "6.32"]
[White "Yilmaz, Turhan"]
[Black "Solomon, Kenny"]
[Result "1-0"]
[WhiteElo "2361"]
[BlackElo "2358"]
[PlyCount "123"]
[EventDate "2004.10.15"]
[EventType "team"]
[EventRounds "14"]
[EventCountry "ESP"]
[Source "lmi"]
[SourceDate "2004.10.27"]

1. e4 c5 2. Nf3 e6 3. d4 cxd4 4. Nxd4 a6 5. Nc3 Qc7 6. g3 Nf6 7. Bg2 Nc6 8. Be3
Ne5 9. O-O Bc5 10. Bf4 d6 11. Nb3 Ba7 12. a4 Bd7 13. Qe2 h5 14. h3 O-O-O 15.
Be3 Bxe3 16. Qxe3 Kb8 17. Nd2 Be8 18. Rfd1 Rc8 19. a5 Ng6 20. Nb3 Ne5 21. Nd2
Ng6 22. f4 h4 23. g4 e5 24. fxe5 Nxe5 25. Bf1 Qc5 26. Qxc5 Rxc5 27. Nb3 Rxc3
28. bxc3 Nxe4 29. Bg2 Nxc3 30. Rxd6 Kc7 31. Rb6 Bc6 32. Re1 f6 33. Nc5 Nd5 34.
Bxd5 Bxd5 35. Rd1 Bc6 36. Ne6+ Kc8 37. Rb4 g6 38. Kf2 Re8 39. Nf4 Kc7 40. Rbd4
Kc8 41. Rd6 g5 42. Nh5 Nd7 43. Ng7 Re5 44. Re6 Rxa5 45. Re8+ Kc7 46. Ne6+ Kb6
47. Nd8 Re5 48. Rh8 Bb5 49. c4 Ba4 50. Rb1+ Kc5 51. Nxb7+ Kxc4 52. Rc8+ Kd3 53.
Ra1 Re2+ 54. Kf1 Bb5 55. Nd6 Rh2 56. Ra3+ Kd4+ 57. Nxb5+ axb5 58. Rd8 b4 59.
Rxd7+ Kc4 60. Rc7+ Kd4 61. Rb3 Kd5 62. Rb7 1-0

[Event "Olimpiada Calviá 2004"]
[Site "Calviá ESP"]
[Date "2004.10.20"]
[Round "6.32"]
[White "Gluckman, David"]
[Black "Atakisi, Umut"]
[Result "0-1"]
[WhiteElo "2343"]
[BlackElo "2304"]
[PlyCount "112"]
[EventDate "2004.10.15"]
[EventType "team"]
[EventRounds "14"]
[EventCountry "ESP"]
[Source "lmi"]
[SourceDate "2004.10.27"]

1. e4 c5 2. Nf3 Nc6 3. c3 Nf6 4. e5 Nd5 5. d4 cxd4 6. cxd4 d6 7. Bc4 dxe5 8.
Nxe5 e6 9. O-O Be7 10. Bb5 Bd7 11. Bxc6 Bxc6 12. Nxc6 bxc6 13. Nd2 O-O 14. Ne4
Qb6 15. b3 Rfd8 16. Bb2 a5 17. Qc2 Rdb8 18. Nc5 Bxc5 19. dxc5 Qb5 20. Rad1 a4
21. Rd3 Nf4 22. Re3 axb3 23. axb3 Rd8 24. Qe4 Ng6 25. b4 Rd5 26. h4 Rad8 27.
Rfe1 Rf5 28. Bc3 Rf4 29. Qb1 Rxh4 30. Qa1 Rg4 31. g3 Ne7 32. Qa2 Nf5 33. Rf3 h5
34. Qa7 Rd5 35. Qb6 Qxb6 36. cxb6 Rb5 37. Rd1 Rxb6 38. Rd8+ Kh7 39. Rfd3 h4 40.
Kg2 hxg3 41. fxg3 Rc4 42. Kf3 Ne7 43. R8d4 Rxd4 44. Rxd4 Nd5 45. Bd2 Ra6 46.
Rc4 Ra2 47. Ke2 Kg6 48. g4 Ne7 49. Ke1 Ra3 50. Ke2 f6 51. Be1 e5 52. Rc2 Rb3
53. Rc4 Kf7 54. Bd2 Ke6 55. Be1 g6 56. Rc2 f5 0-1

[Event "Olimpiada Calviá 2004"]
[Site "Calviá ESP"]
[Date "2004.10.20"]
[Round "6.33"]
[White "Tissir, Mohamed"]
[Black "Prasca, Raphael"]
[Result "1/2-1/2"]
[WhiteElo "2394"]
[BlackElo "2396"]
[PlyCount "124"]
[EventDate "2004.10.15"]
[EventType "team"]
[EventRounds "14"]
[EventCountry "ESP"]
[Source "lmi"]
[SourceDate "2004.10.27"]

1. e4 e6 2. Nf3 d5 3. Nc3 Nf6 4. e5 Ne4 5. Ne2 Ng5 6. Nxg5 Qxg5 7. d4 Qe7 8. c3
b6 9. Be3 Ba6 10. h4 Qd7 11. Nf4 Bxf1 12. Kxf1 Nc6 13. Kg1 O-O-O 14. b4 f6 15.
Nd3 Kb7 16. a4 a6 17. Rh3 Be7 18. Rg3 Bf8 19. Qf3 f5 20. Qd1 Ra8 21. Qf1 Rg8
22. Bg5 Qf7 23. h5 Be7 24. Bxe7 Nxe7 25. a5 g5 26. hxg6 hxg6 27. Rh3 Rh8 28.
Rxh8 Rxh8 29. axb6 cxb6 30. g3 Qh7 31. Qg2 g5 32. Rd1 Rc8 33. Qf3 Kc7 34. Rc1
Nc6 35. Kf1 f4 36. gxf4 g4 37. Qe3 Qf5 38. Ke2 Rh8 39. Rg1 Rh3 40. Rg3 Rh1 41.
f3 Rh2+ 42. Nf2 Qc2+ 43. Kf1 gxf3 44. Rg7+ Kb8 45. Kg1 Rh7 46. Rxh7 Qxh7 47.
Qxf3 Ne7 48. Qd3 Qg8+ 49. Kf1 Kb7 50. Qh3 Nf5 51. Ke2 Kc6 52. Qd3 Kb7 53. Qh3
Qg7 54. Kf1 Qg6 55. Ke2 Qg7 56. Kf1 Qc7 57. Qd3 Qd7 58. Qh3 Qb5+ 59. Qd3 Qa4
60. Qh3 Qb5+ 61. Qd3 Qd7 62. Qh3 Qg7 1/2-1/2

[Event "Olimpiada Calviá 2004"]
[Site "Calviá ESP"]
[Date "2004.10.20"]
[Round "6.33"]
[White "Karim, Ismael"]
[Black "Soto Paez, Oliver"]
[Result "1/2-1/2"]
[WhiteElo "2228"]
[BlackElo "2288"]
[PlyCount "96"]
[EventDate "2004.10.15"]
[EventType "team"]
[EventRounds "14"]
[EventCountry "ESP"]
[Source "lmi"]
[SourceDate "2004.10.27"]

1. e4 c5 2. Nf3 e6 3. d4 cxd4 4. Nxd4 a6 5. Bd3 Nf6 6. O-O Qc7 7. Qe2 d6 8. c4
Be7 9. Nc3 b6 10. b3 b5 11. Bd2 bxc4 12. Bxc4 O-O 13. Rac1 Qb7 14. Kh1 Bd7 15.
f4 Nc6 16. Nf3 Rfd8 17. e5 Ne8 18. f5 dxe5 19. fxe6 Bxe6 20. Bxe6 fxe6 21. Qc4
Qc8 22. Ne4 Nd4 23. Nxe5 Qxc4 24. Nxc4 Nf6 25. Ng5 h6 26. Nf3 Nxf3 27. Rxf3
Rac8 28. Bc3 Nd5 29. Ba5 Rf8 30. Rcf1 Rxf3 31. Rxf3 Bf6 32. Rd3 Rf8 33. g3 Be7
34. Kg2 Bc5 35. Rf3 Rc8 36. Kf1 Bd4 37. Ke2 h5 38. Kd3 Bf6 39. h3 Rc6 40. Rf1
g5 41. Bd2 Kg7 42. a4 Rc8 43. b4 Rd8 44. Kc2 Rc8 45. Kd3 Rd8 46. Kc2 Rc8 47.
Kd3 Rd8 48. Kc2 Rc8 1/2-1/2

[Event "Olimpiada Calviá 2004"]
[Site "Calviá ESP"]
[Date "2004.10.20"]
[Round "6.34"]
[White "Mateo, Ramon"]
[Black "Rodriguez, Andres"]
[Result "1-0"]
[WhiteElo "2453"]
[BlackElo "2533"]
[PlyCount "85"]
[EventDate "2004.10.15"]
[EventType "team"]
[EventRounds "14"]
[EventCountry "ESP"]
[Source "lmi"]
[SourceDate "2004.10.27"]

1. e4 e6 2. d4 d5 3. Nc3 Bb4 4. e5 Ne7 5. a3 Bxc3+ 6. bxc3 b6 7. Qg4 Kf8 8. h4
c5 9. h5 h6 10. Rh3 Qc7 11. Bd2 Ba6 12. Rf3 cxd4 13. cxd4 Bxf1 14. Kxf1 Nbc6
15. Bb4 Kg8 16. Qf4 Nf5 17. Ne2 a5 18. Bd6 Qa7 19. g4 Nxd6 20. exd6 f6 21. Rb1
Kf7 22. Nc3 Rhd8 23. Nb5 Qd7 24. g5 hxg5 25. Qxg5 Rh8 26. Qg6+ Kg8 27. Rg3 Rf8
28. c4 dxc4 29. Rc1 Rh7 30. h6 Rf7 31. Rxc4 f5 32. a4 f4 33. Rg1 e5 34. d5 Qh3+
35. Ke1 Rxh6 36. Qg4 Qxg4 37. Rxg4 Na7 38. Nxa7 Rxd6 39. Rc8+ Kh7 40. Nc6 Rxd5
41. Re8 f3 42. Nxe5 Rf6 43. Re7 1-0

[Event "Olimpiada Calviá 2004"]
[Site "Calviá ESP"]
[Date "2004.10.20"]
[Round "6.34"]
[White "Roselli Mailhe, Bernardo"]
[Black "Dominguez, Jose M"]
[Result "1-0"]
[WhiteElo "2405"]
[BlackElo "2353"]
[PlyCount "99"]
[EventDate "2004.10.15"]
[EventType "team"]
[EventRounds "14"]
[EventCountry "ESP"]
[Source "lmi"]
[SourceDate "2004.10.27"]

1. e4 e5 2. Nf3 Qe7 3. Bc4 d6 4. O-O Bg4 5. h3 Bh5 6. d4 Nf6 7. Re1 c6 8. c3
Qc7 9. Nbd2 Nbd7 10. Bb3 Be7 11. Nf1 O-O 12. Ng3 Bg6 13. Nh4 Rad8 14. Nhf5 Rfe8
15. f4 Bf8 16. fxe5 dxe5 17. Qf3 c5 18. d5 c4 19. Bc2 a6 20. Kh1 b5 21. Bg5 Rb8
22. a3 Rb6 23. Rad1 a5 24. Rf1 Rc8 25. d6 Rxd6 26. Nxd6 Bxd6 27. Nf5 Bf8 28. g4
Rb8 29. Ng3 b4 30. axb4 axb4 31. Bc1 h6 32. h4 Ra8 33. cxb4 Bxb4 34. g5 hxg5
35. hxg5 Nh7 36. Nf5 Nc5 37. Bd2 Bxd2 38. Rxd2 Nxg5 39. Qg4 Nce6 40. Rfd1 Qb7
41. Nd6 Qxb2 42. Bd3 Qc3 43. Bxc4 Ra1 44. Rxa1 Qxa1+ 45. Rd1 Qc3 46. Rb1 Qd4
47. Rb8+ Nf8 48. Rxf8+ Kxf8 49. Qc8+ Ke7 50. Qc7+ 1-0